Minerals, history and wines - trip to Miskolc, Miskolctapolca and the Bükkalja region

Elmentve itt :
Bibliográfiai részletek
Szerzők: Németh Norbert
Szendi Attila
Lénárt László
Hevesi Attila
Mádai Ferenc
Testületi szerző: General Meeting of the International Mineralogical Association (20.) (Budapest) (2010)
Dokumentumtípus: Cikk
Megjelent: Department of Mineralogy, Geochemistry and Petrology, University of Szeged Szeged 2010
Sorozat:Acta mineralogica-petrographica : field guide series 12
Acta mineralogica-petrographica : field guide series 12
Kulcsszavak:Földtan - Magyarország - Bükk-hegység - útleírás
Tárgyszavak:
Online Access:http://acta.bibl.u-szeged.hu/48189
LEADER 01229nab a2200277 i 4500
001 acta48189
005 20260212135048.0
008 170704s2010 hu o 000 eng d
022 |a 0324-6523, 2061-9766 
040 |a SZTE Egyetemi Kiadványok Repozitórium  |b hun 
041 |a eng 
100 1 |a Németh Norbert 
245 1 0 |a Minerals, history and wines - trip to Miskolc, Miskolctapolca and the Bükkalja region  |h [elektronikus dokumentum] /  |c  Németh Norbert 
260 |a Department of Mineralogy, Geochemistry and Petrology, University of Szeged  |b Szeged  |c 2010 
300 |a 1-12 
490 0 |a Acta mineralogica-petrographica : field guide series  |v 12 
490 0 |a Acta mineralogica-petrographica : field guide series  |v 12 
650 4 |a Természettudományok 
650 4 |a Föld- és kapcsolódó környezettudományok 
695 |a Földtan - Magyarország - Bükk-hegység - útleírás 
700 0 1 |a Szendi Attila  |e aut 
700 0 1 |a Lénárt László  |e aut 
700 0 1 |a Hevesi Attila  |e aut 
700 0 1 |a Mádai Ferenc  |e aut 
710 |a General Meeting of the International Mineralogical Association (20.) (Budapest) (2010) 
856 4 0 |u http://acta.bibl.u-szeged.hu/48189/1/field_guide_2010_012_001-012.pdf  |z Dokumentum-elérés